000 01965nam a2200373 i 4500
001 768714001
003 CO-MdFUSB
005 20210927145047.0
007 ta
008 200619t2010 sp |||| |||| 00| 0 spa d
020 _a9788497841672
040 _aCO-MdFUSB
_bspa
_cCO-MdFUSB
_dCO-MdFUSBC
_erda
041 _aspa
_hita
082 _223
_a201.61
_bV352
100 _aVattimo, Gianni
_d1936 -
_eautor
240 _aAddio alla veritá
245 _aAdiós a la verdad
_c/ Gianni Vattimo ; traducido por María Teresa D'Meza
250 _aPrimera edición
264 1 _aBarcelona, España :
_bGedisa,
_c[2009]
264 4 _c©2009
300 _c159 páginas ;
_a23 cm
336 _2rdacontent
_atexto
_btxt
337 _2rdamedia
_asin mediación
_bn
338 _2rdacarrier
_avolumen
_bnc
490 1 _aCla-De-Ma.
504 _a(Bibliografía) páginas 153-159
505 _aIntroducción -- Primer capítulo -- Más allá del mito de la verdad objetiva -- Política sin verdad -- La tarea política del pensar -- De la fenomenología a la ontología de la actualidad -- El principio de Tarski -- Filosofía y política -- Segundo capítulo -- El futuro de la religión -- Sólo un Dios relativista puede salvarnos -- Nihilismo, sexualidad y cristianismo posmoderno -- Para un cristianismo no religioso -- La fe de Europa -- Tercer capítulo -- El futuro de la religión -- Sólo un Dios relativista puede salvarnos -- Nihilismo, sexualidad y cristianismo postmoderno -- Para un cristianismo no religioso -- La fe de Europa -- Tercer capítulo -- El final de la filosofía -- Pensamiento sobre la ética -- Filosofía y emancipación -- Dialéctica, diálogo y dominio -- Conversión y catástrofe -- ¿Por qué Hegel hoy? -- Bibliografía.
563 _aRústico
650 7 _9198
_aFilosofía y religión
700 _95135
_aD'Meza, María Teresa ‎
_etraductor
830 _aCla-De-Ma.
_vFilosofía
942 _cBK
945 _aDani
999 _c66178
_d66178